|
|
|
|
| LEADER |
00906nam a22002652a 4500 |
| 001 |
000076227 |
| 003 |
CZ BrMZK |
| 005 |
20110316151150.0 |
| 007 |
ta |
| 008 |
960707s1980 xo f cze d |
| 040 |
|
|
|a BOA001
|b cze
|
| 080 |
9 |
|
|a 885.4-4
|
| 100 |
1 |
|
|a Hrušovský, Igor,
|d 1907-1978
|7 jn20000603048
|
| 245 |
1 |
0 |
|a Monológy a dialógy /
|c Igor Hrušovský
|
| 250 |
|
|
|a 1. vyd.
|
| 260 |
|
|
|a Bratislava :
|b Slovenský spisovateľ,
|c 1980
|
| 300 |
|
|
|a 156 s.
|
| 490 |
1 |
|
|a Rozpravy ;
|v zv. 4
|
| 830 |
|
0 |
|a Rozpravy (Slovenský spisovateľ)
|
| 910 |
|
|
|a BOA001
|b PK-A-0017.739
|b 1-0832.396
|
| 964 |
|
|
|a Hrušovský, Igor - vzpomínky vlastní
|
| 964 |
|
|
|a Filozofie - eseje
|
| 990 |
|
|
|a BK
|
| 996 |
7 |
|
|b 2619795165
|c 1-0832.396
|l MZK
|r Sklad / do 1 hodiny
|n 10
|w 000076227
|u 000020
|a 1
|e BOA001
|j MZK50
|s A
|
| 996 |
7 |
|
|b 3119967482
|c PK-A-0017.739
|l MZK
|r Sklad / do 1 hodiny
|n 2
|w 000076227
|u 000010
|a 1
|e BOA001
|j MZK50
|s A
|